Представление документа в формате MARC21

Поле Инд. ПП Название Значение
Тип записи a
Библиографический уровень b
001 Контрольный номер RU/IS/BASE/185629369
005 Дата корректировки 20220715140356.5
008 Кодируемые данные 20051118
084 a Индекс другой классификации/Индекс ББК 66.1(7США)6-29
a Индекс другой классификации/Индекс ББК 66.01; 60.000.3; 60.032.33
a Индекс другой классификации/Индекс ББК 60.001(7США)6
a Индекс другой классификации/Индекс ББК 87.703.3
a Индекс другой классификации/Индекс ББК 66.4в
a Индекс другой классификации/Индекс ББК 68.0
a Индекс другой классификации/Индекс ББК 67.91
245 _1 a Заглавие [Международные отношения: безопасность, право, мораль]
b Продолж. заглавия [Подборка статей]
504 a Библиография Библиогр. ссылки. - Примеч.
505 0_ a Форматированное содержание Исследование международного терроризма: теоретико-методологические аспекты
b Автор Капитоненко Н. Г.
505 0_ a Форматированное содержание Осмысление опыта ненасилия в международных отношениях
b Автор Дериглазова Л. В.
505 0_ a Форматированное содержание Роль морального потенциала общества в обеспечении национальной безопасности государства
b Автор Зеленков М. Ю.
505 0_ a Форматированное содержание Футурологические и экспланаторные концепции Ф.Фукуямы относительно роли международного права в политике национальных государств
b Автор Бушев А. В.
600 14 a Персоналии Фукуяма Фрэнсис
650 04 a Основная рубрика внешняя политика
a Основная рубрика военное дело
a Основная рубрика история политических учений
a Основная рубрика история философии
a Основная рубрика международное право
a Основная рубрика международные отношения
a Основная рубрика политика
a Основная рубрика политическая философия (философия политики)
a Основная рубрика право
a Основная рубрика социальная философия
a Основная рубрика социальная этика
a Основная рубрика философия
a Основная рубрика философия истории
a Основная рубрика философия морали
a Основная рубрика философские науки
a Основная рубрика футурология
a Основная рубрика этика
653 0_ a Ключевые слова XX век
a Ключевые слова армия
a Ключевые слова вооруженные силы
a Ключевые слова государство
a Ключевые слова история социальной философии
a Ключевые слова личный состав
a Ключевые слова международный терроризм
a Ключевые слова морально-психологический потенциал
a Ключевые слова национальная безопасность
a Ключевые слова ненасилие
a Ключевые слова ненасилия концепция
a Ключевые слова политическая мораль
a Ключевые слова политическая этика
a Ключевые слова США
a Ключевые слова теория международных отношений
a Ключевые слова терроризм
a Ключевые слова футурологические концепции
700 12 a Автор Зеленков М. Ю.
q Полное имя Зеленков Михаил Юрьевич
700 1_ a Автор Бушев А. Б.
q Полное имя Бушев Александр Борисович
700 1_ a Автор Дериглазова Л. В.
q Полное имя Дериглазова Лариса Вальерьевна
700 1_ a Автор Капитоненко Н. Г.
q Полное имя Капитоненко Николай Геннадьевич
773 18 t Заглавие источника Вестник Московского университета. Серия 18, Социология и политология
d Дата издания источника 2005
g Прочая информация № 2. - С. 126 - 152
w Контрольный № источника RU/IS/BASE/177609356
901 t Тип документа b